Normal view
MARC view
- الحيثيون
Entry Topical Term
001 - CONTROL NUMBER
- control field: 8587
003 - CONTROL NUMBER IDENTIFIER
- control field: JO-AjAnu
005 - DATE AND TIME OF LATEST TRANSACTION
- control field: 20230606071702.0
008 - FIXED-LENGTH DATA ELEMENTS
- fixed length control field: 230606|| aca||aabn | a|a d
040 ## - CATALOGING SOURCE
- Original cataloging agency: JO-AjAnu
- Transcribing agency: JO-AjAnu
150 ## - HEADING--TOPICAL TERM
- Topical term or geographic name entry element: الحيثيون
670 ## - SOURCE DATA FOUND
- Source citation: Work cat.: (JO-AjAnu)4433: تاليف جرنى، ا.ر؛ مراجعة الوائلي، فيصل؛ ترجمة ، محمد، محمد عبد القادر , author 8586, الحيثيون